| 000 | 00816cam a2200217 4500 | ||
|---|---|---|---|
| 001 | WB3543-04 | ||
| 008 | 000000n1999 000 0 eng u | ||
| 035 | _a(Sirsi) u101545 | ||
| 245 | _aBest practice pays off | ||
| 260 | _c1999 | ||
| 490 |
_aContract Journal _v401(6250) 3 November 1999, 8(1) |
||
| 520 | _aTwo surveys for the Construction Best Practice Programme have shown that clients 'overall satisfaction is 'very high' for firms that tutor people in the art of best practice, and that training is widely available for many best practice themes. | ||
| 590 | _aWB | ||
| 650 | _aBEST PRACTICE | ||
| 650 | _aCONSTRUCTION BEST PRACTICE PROGRAMME | ||
| 650 | _aCUSTOMER CARE | ||
| 650 | _aCLIENT SATISFACTION | ||
| 650 | _aCAREERS, EDUCATION AND TRAINING | ||
| 690 | _aBUILT ENVIRONMENT | ||
| 942 | _n0 | ||
| 999 |
_c60677 _d60677 |
||